[Event "Philadelphia Open"]
[Site "Philadelphia, PA"]
[Date "2011.04.20"]
[Round "1"]
[White "Kulic, Sasa"]
[Black "Arnold, Marc"]
[Result "0-1"]
[WhiteElo "2201"]
[BlackElo "2435"]
[PlyCount "64"]
[EventDate "2011.04.??"]
[EventType "swiss"]
[EventRounds "9"]
[EventCountry "USA"]
[Source "MonRoi"]

1. e4 c5 2. Nf3 d6 3. d4 cxd4 4. Nxd4 Nf6 5. Nc3 a6 6. Be2 e5 7. Nb3 Be7 8. Bg5
Be6 9. Bxf6 Bxf6 10. Qd3 Nc6 11. Nd5 Bg5 12. h4 Bxh4 13. g3 Bg5 14. c3 Ne7 15.
Ne3 Qc7 16. Rd1 Rd8 17. c4 Bxe3 18. Qxe3 O-O 19. Nd2 f5 20. exf5 Nxf5 21. Qe4
Bd7 22. Qd5+ Kh8 23. Qd3 Bc6 24. Bf3 h6 25. Bd5 Nd4 26. O-O Bxd5 27. cxd5 Qf7
28. f4 Qh5 29. fxe5 dxe5 30. Qe4 Qg5 31. Kg2 Rxf1 32. Nxf1 Rf8 0-1

[Event "Philadelphia Open"]
[Site "Philadelphia, PA"]
[Date "2011.04.20"]
[Round "1"]
[White "Weiss, Allen"]
[Black "Yang, Darwin"]
[Result "0-1"]
[WhiteElo "2183"]
[BlackElo "2416"]
[PlyCount "74"]
[EventDate "2011.04.??"]
[EventType "swiss"]
[EventRounds "9"]
[EventCountry "USA"]
[Source "MonRoi"]

1. d4 d5 2. Nf3 Nf6 3. c4 e6 4. Nc3 c6 5. Bg5 dxc4 6. e4 b5 7. e5 h6 8. Bh4 g5
9. Nxg5 hxg5 10. Bxg5 Nbd7 11. g3 Bb7 12. Bg2 Qb6 13. exf6 O-O-O 14. a4 c5 15.
d5 b4 16. Ne2 Ne5 17. a5 Qb5 18. O-O Bxd5 19. Qa4 Qxa4 20. Rxa4 Nf3+ 21. Bxf3
Bxf3 22. Nf4 Bd6 23. Ng2 Be5 24. Be3 Rd5 25. a6 Bxg2 26. Kxg2 Bxb2 27. Rb1 c3
28. h4 Kc7 29. Kf3 Kc6 30. Ke2 Kb5 31. Ra2 b3 32. Raxb2 cxb2 33. Rxb2 c4 34.
Bxa7 Kb4 35. Be3 c3 36. Rb1 c2 37. Rb2 Re5 0-1

[Event "Philadelphia Open"]
[Site "Philadelphia, PA"]
[Date "2011.04.20"]
[Round "1"]
[White "Holt, Conrad"]
[Black "Torres, Yelfry"]
[Result "1/2-1/2"]
[WhiteElo "2408"]
[BlackElo "2183"]
[PlyCount "119"]
[EventDate "2011.04.??"]
[EventType "swiss"]
[EventRounds "9"]
[EventCountry "USA"]
[Source "MonRoi"]

1. d4 Nf6 2. c4 d6 3. Nf3 Nbd7 4. Nc3 e5 5. e4 Be7 6. Be2 c6 7. O-O O-O 8. Qc2
a6 9. Rd1 Qc7 10. Bg5 Re8 11. Rac1 h6 12. Bh4 Nf8 13. c5 exd4 14. cxd6 Bxd6 15.
Rxd4 Ng4 16. h3 Ne5 17. Qd1 Nxf3+ 18. Bxf3 Be5 19. Nd5 Qb8 20. Nb6 Bxd4 21.
Qxd4 Qf4 22. Qe3 Qxe3 23. fxe3 Ra7 24. Rd1 Be6 25. a4 a5 26. Be2 Bb3 27. Rd3
Bc2 28. Rd8 Rxd8 29. Bxd8 Ne6 30. Be7 f6 31. e5 fxe5 32. Bd6 e4 33. Bb8 Ra6 34.
Bxa6 bxa6 35. Bd6 Kf7 36. Nd7 Bxa4 37. Nc5 Nxc5 38. Bxc5 Bb5 39. h4 g5 40. hxg5
hxg5 41. Kf2 Ke6 42. Ke1 Kd5 43. Be7 g4 44. g3 Bd3 45. Kd2 Kc4 46. Bf6 Kb3 47.
Bh8 c5 48. Bg7 a4 49. Bh8 a3 50. bxa3 Kxa3 51. Bg7 Kb3 52. Bh8 a5 53. Bg7 a4
54. Bh8 a3 55. Bg7 Bb1 56. Bh8 Ka2 57. Kc1 Bd3 58. Bg7 Kb3 59. Kd2 Be2 60. Bh8
1/2-1/2

[Event "Philadelphia Open"]
[Site "Philadelphia, PA"]
[Date "2011.04.20"]
[Round "1"]
[White "Rentala, Nagendra"]
[Black "Stocek, Jiri"]
[Result "0-1"]
[WhiteElo "2314"]
[BlackElo "2665"]
[PlyCount "96"]
[EventDate "2011.04.??"]
[EventType "swiss"]
[EventRounds "9"]
[EventCountry "USA"]
[Source "MonRoi"]

1. c4 Nf6 2. Nc3 e5 3. g3 Bc5 4. Bg2 c6 5. e4 O-O 6. d3 Re8 7. Be3 Bxe3 8. fxe3
b5 9. cxb5 cxb5 10. Qd2 b4 11. Nd5 Nxd5 12. exd5 Na6 13. Ne2 Nc5 14. d4 exd4
15. Qxd4 d6 16. h4 Bf5 17. Nf4 Be4 18. O-O Bxg2 19. Kxg2 Re4 20. Qd2 Qe7 21.
Rf3 Re8 22. Re1 b3 23. Nd3 Nxd3 24. Qxd3 bxa2 25. Qb3 Rd4 26. Qxa2 Rd2+ 27. Rf2
Qe4+ 28. Kg1 Qc2 29. Ref1 Rxf2 30. Rxf2 Qc1+ 31. Kg2 Qxe3 32. Qa6 Qe4+ 33. Kh2
Qd4 34. Re2 Rxe2+ 35. Qxe2 g6 36. Qb5 Kg7 37. Kh3 Qg1 38. g4 Qe3+ 39. Kg2 Qe4+
40. Kg3 Qe3+ 41. Kg2 Qf4 42. Qd7 Qd2+ 43. Kg3 Qd3+ 44. Kf4 Qc4+ 45. Kg3 Qb3+
46. Kf4 Qxb2 47. Qxa7 Qh2+ 48. Kf3 Qh3+ 0-1

[Event "Philadelphia Open"]
[Site "Philadelphia, PA"]
[Date "2011.04.20"]
[Round "1"]
[White "Gelashvili, Tamaz"]
[Black "Bonin, Jay"]
[Result "1/2-1/2"]
[WhiteElo "2596"]
[BlackElo "2296"]
[PlyCount "158"]
[EventDate "2011.04.??"]
[EventType "swiss"]
[EventRounds "9"]
[EventCountry "USA"]
[Source "MonRoi"]

1. Nf3 Nf6 2. e3 g6 3. b4 Bg7 4. Bb2 d6 5. c4 e5 6. d3 O-O 7. Nc3 e4 8. Nd2
exd3 9. Bxd3 Nc6 10. a3 a5 11. b5 Ne5 12. Be2 Bg4 13. f3 Be6 14. O-O d5 15.
cxd5 Nxd5 16. Nxd5 Qxd5 17. Qc2 Nd7 18. Rac1 Bxb2 19. Qxb2 Rfc8 20. f4 Nc5 21.
Bf3 Qd6 22. Qc2 Rab8 23. Qxc5 Qxd2 24. Qe5 Bb3 25. Qc3 Qxc3 26. Rxc3 Ba4 27.
Rb1 c6 28. bxc6 bxc6 29. Rbc1 Rb2 30. h4 Kg7 31. Kh2 Rd8 32. Kg3 Rdd2 33. f5
Ra2 34. Kf4 gxf5 35. Kxf5 Bb5 36. Be4 h6 37. Ke5 Rd8 38. R1c2 Ra1 39. Rf2 Re8+
40. Kf4 Re6 41. g4 f6 42. Rd2 Rf1+ 43. Bf3 c5 44. Kg3 c4 45. Kg2 Ra1 46. Rd5
Re5 47. Rxe5 fxe5 48. Bd5 a4 49. Kf2 Kf6 50. Bxc4 Bxc4 51. Rxc4 Rxa3 52. Rc6+
Kg7 53. Kf3 Ra1 54. Ke4 a3 55. Rc7+ Kf6 56. Rc6+ Kg7 57. Rc2 Kf6 58. Rf2+ Ke6
59. Rf5 Rg1 60. Rxe5+ Kd6 61. Ra5 Rxg4+ 62. Kf5 Rxh4 63. Rxa3 Rh1 64. Ra6+ Ke7
65. e4 Rh5+ 66. Kf4 Rh4+ 67. Ke5 Rh5+ 68. Kd4 Rh1 69. Kd5 Kf7 70. Ra7+ Kg6 71.
e5 h5 72. e6 Rd1+ 73. Ke5 h4 74. Ra4 Re1+ 75. Kd6 Kf6 76. Rf4+ Kg5 77. Rf8 h3
78. e7 Kg4 79. Rf1 Rxe7 1/2-1/2

[Event "Philadelphia Open"]
[Site "Philadelphia, PA"]
[Date "2011.04.20"]
[Round "1"]
[White "Matamoros Franco, Carlos S"]
[Black "Gorman, Dov"]
[Result "1/2-1/2"]
[WhiteElo "2549"]
[BlackElo "2292"]
[PlyCount "107"]
[EventDate "2011.04.??"]
[EventType "swiss"]
[EventRounds "9"]
[EventCountry "USA"]
[Source "MonRoi"]

1. Nf3 f5 2. c4 Nf6 3. g3 g6 4. b4 Bg7 5. Bb2 d6 6. d4 O-O 7. Bg2 Ne4 8. Nbd2
c5 9. bxc5 dxc5 10. O-O Nc6 11. Nxe4 fxe4 12. Ng5 Nxd4 13. Nxe4 Bg4 14. Bxd4
Qxd4 15. Qc2 Rad8 16. h3 Bf5 17. Rad1 Qe5 18. f4 Qc7 19. Rxd8 Qxd8 20. Rd1 Qc7
21. Qd3 b6 22. e3 e5 23. Qd6 Qxd6 24. Nxd6 Rd8 25. Bd5+ Kf8 26. Nxf5 gxf5 27.
fxe5 Bxe5 28. Rf1 Bxg3 29. Rxf5+ Ke7 30. Rf7+ Kd6 31. Rxh7 Rf8 32. Rf7 Rxf7 33.
Bxf7 Ke5 34. Kg2 Bh4 35. Kf3 Bg5 36. Be8 Bh4 37. Bc6 Bg5 38. Bb7 Bh4 39. Ba8
Bg5 40. a4 Bh4 41. Bd5 Bg5 42. e4 Bd2 43. Kg4 Bc1 44. Bc6 Bd2 45. h4 Bc1 46.
Kh5 Kf6 47. e5+ Kxe5 48. Kg6 Kd4 49. Bb5 Kc3 50. Kf5 Kb4 51. Ke6 Ka5 52. Kd5 a6
53. Bd7 Bd2 54. h5 1/2-1/2

[Event "Philadelphia Open"]
[Site "Philadelphia, PA"]
[Date "2011.04.20"]
[Round "1"]
[White "Aramil, William"]
[Black "Amanov, Mesgen"]
[Result "1/2-1/2"]
[WhiteElo "2277"]
[BlackElo "2537"]
[PlyCount "151"]
[EventDate "2011.04.??"]
[EventType "swiss"]
[EventRounds "9"]
[EventCountry "USA"]
[Source "MonRoi"]

1. d4 d5 2. c4 c6 3. Nf3 Nf6 4. e3 Bf5 5. Qb3 Qb6 6. Nc3 e6 7. Nh4 Qxb3 8. axb3
Bc2 9. c5 Bxb3 10. Bd3 Nbd7 11. Nf3 Bc4 12. Bxc4 dxc4 13. O-O Be7 14. Bd2 O-O
15. Ra4 b5 16. cxb6 Nxb6 17. Ra6 c5 18. Rfa1 cxd4 19. exd4 Bb4 20. Rxa7 Rxa7
21. Rxa7 Bxc3 22. Bxc3 Ne4 23. Nd2 Nxd2 24. Bxd2 Nd5 25. Ra4 Rc8 26. g3 h5 27.
Bb4 Kh7 28. Bc5 c3 29. bxc3 Nxc3 30. Ra5 Rb8 31. Bd6 Rb1+ 32. Kg2 Kg6 33. Re5
Rb2 34. Bc5 Rc2 35. Kf1 Nd1 36. Re2 Rxe2 37. Kxe2 Nb2 38. Bd6 Kf5 39. f3 Nc4
40. Bf8 g5 41. Kd3 Nb6 42. h3 Nd5 43. Bd6 Kg6 44. Ke4 Nf6+ 45. Ke3 Nd7 46. Be7
f6 47. Bd8 Nb8 48. Bc7 Nc6 49. Bd6 Kf7 50. Ke4 f5+ 51. Ke3 Na7 52. Bc7 Nb5 53.
Bd8 Kg6 54. h4 gxh4 55. Bxh4 Kf7 56. Bd8 Nc3 57. Kf2 Kg6 58. Bc7 Nd5 59. Be5
Kg5 60. Bd6 f4 61. gxf4+ Nxf4 62. Ke3 Nd5+ 63. Ke4 h4 64. Bh2 Kf6 65. Be5+ Kf7
66. Bh2 h3 67. Ke5 Ne3 68. Bg1 Ke7 69. Ke4 Nf5 70. Kf4 Nxd4 71. Kg4 Kd6 72. f4
Kd5 73. Kxh3 Ne2 74. Bh2 Ke4 75. Kg4 Nd4 76. Bg1 1/2-1/2

[Event "Philadelphia Open"]
[Site "Philadelphia, PA"]
[Date "2011.04.20"]
[Round "1"]
[White "Kekelidze, Mikheil"]
[Black "Shen, Victor"]
[Result "1-0"]
[WhiteElo "2536"]
[BlackElo "2269"]
[PlyCount "61"]
[EventDate "2011.04.??"]
[EventType "swiss"]
[EventRounds "9"]
[EventCountry "USA"]
[Source "MonRoi"]

1. d4 Nf6 2. c4 e6 3. Nc3 Bb4 4. g3 d5 5. Bg2 c6 6. Nf3 O-O 7. O-O dxc4 8. Ne5
Nd5 9. Qc2 b5 10. a4 a6 11. Be4 h6 12. axb5 cxb5 13. Nxb5 Qb6 14. Na3 Qxd4 15.
Naxc4 Bb7 16. Rd1 Qc5 17. b3 Qc7 18. Bb2 Rd8 19. Rac1 a5 20. Bh7+ Kf8 21. Nxf7
Qxf7 22. Ne5 Qe8 23. e4 Rc8 24. Qd3 Rxc1 25. Rxc1 Nf6 26. Ng6+ Kf7 27. Rc7+
Nbd7 28. Bxf6 Bc8 29. Bg5 e5 30. Qf3+ Ke6 31. Rc6+ 1-0

[Event "Philadelphia Open"]
[Site "Philadelphia, PA"]
[Date "2011.04.21"]
[Round "2"]
[White "Stocek, Jiri"]
[Black "Lapshun, Yury"]
[Result "1/2-1/2"]
[WhiteElo "2665"]
[BlackElo "2438"]
[PlyCount "129"]
[EventDate "2011.04.??"]
[EventType "swiss"]
[EventRounds "9"]
[EventCountry "USA"]
[Source "MonRoi"]

1. d4 d5 2. Nf3 Nf6 3. c4 c6 4. Nc3 a6 5. a4 Bf5 6. Qb3 Ra7 7. a5 e6 8. Qb6
Qxb6 9. axb6 Ra8 10. c5 Nbd7 11. e3 Be7 12. Be2 O-O 13. O-O Rfe8 14. Nd2 Rad8
15. Nb3 Nb8 16. Na5 Rd7 17. f3 h6 18. Bd2 Nh7 19. g4 Bg6 20. Be1 e5 21. Rd1 Nf8
22. Bg3 exd4 23. exd4 Ne6 24. Be5 f6 25. Bxb8 Rxb8 26. b4 Ra8 27. Bd3 Bxd3 28.
Rxd3 Rf8 29. Re1 Nd8 30. Rde3 Rf7 31. Kg2 f5 32. Nb3 fxg4 33. fxg4 Bg5 34. Re8+
Rf8 35. Kg3 Rdf7 36. Rxf8+ Kxf8 37. Nd1 Re7 38. Rxe7 Kxe7 39. h4 Bf6 40. Ne3 g6
41. h5 Bg5 42. Ng2 Kf6 43. hxg6 Kxg6 44. Ne1 Kf6 45. Nf3 Ke6 46. Nh4 Bf6 47.
Nf5 h5 48. Kf4 hxg4 49. Kxg4 Be7 50. Na5 Kf6 51. Nb3 Ke6 52. Nc1 Nf7 53. Ng7+
Kd7 54. Nb3 Bf8 55. Nh5 Ke6 56. Na5 Nd8 57. Kg5 Be7+ 58. Kg4 Bf8 59. Nf4+ Kf6
60. Nb3 Bh6 61. Nd3 Be3 62. Kf3 Bh6 63. Ne5 Ke6 64. Ke2 Bf4 65. Nd3 1/2-1/2

[Event "Philadelphia Open"]
[Site "Philadelphia, PA"]
[Date "2011.04.21"]
[Round "2"]
[White "Becerra Rivero, Julio"]
[Black "Mandiza, Farai"]
[Result "1-0"]
[WhiteElo "2549"]
[BlackElo "2412"]
[PlyCount "139"]
[EventDate "2011.04.??"]
[EventType "swiss"]
[EventRounds "9"]
[EventCountry "USA"]
[Source "MonRoi"]

1. e4 c5 2. Nf3 d6 3. d4 cxd4 4. Nxd4 Nf6 5. Nc3 Nc6 6. Bg5 Bd7 7. Qd2 a6 8.
O-O-O b5 9. Bxf6 gxf6 10. Nxc6 Bxc6 11. Bd3 Qb6 12. Kb1 e6 13. f4 O-O-O 14.
Rhf1 b4 15. Ne2 d5 16. f5 e5 17. Ng3 d4 18. Nh5 Bb7 19. g4 Rg8 20. Rg1 a5 21.
h4 h6 22. Qe2 Kb8 23. Rg3 Rd7 24. Rdg1 Be7 25. R3g2 Rc7 26. Ng3 a4 27. b3 axb3
28. cxb3 Rc3 29. Rc1 Rgc8 30. Rgg1 R8c5 31. Qd2 Qc6 32. Rxc3 bxc3 33. Qc2 Ra5
34. Nh1 Ba3 35. Nf2 Kc7 36. Re1 Ra8 37. Bc4 Qd7 38. Nd3 Rg8 39. Qe2 Kd6 40. Kc2
Qe8 41. Rg1 Qa8 42. Bxf7 Rg7 43. Bd5 Bxd5 44. exd5 Bc5 45. Kb1 Qxd5 46. Re1 Re7
47. g5 hxg5 48. hxg5 e4 49. gxf6 Re8 50. Qh2+ Kc6 51. f7 Rf8 52. Qh6+ Kb5 53.
a4+ Ka5 54. b4+ Bxb4 55. Qa6+ Kxa6 56. Nxb4+ Kb6 57. Nxd5+ Kc5 58. Nxc3 dxc3
59. Rxe4 Rxf7 60. Rf4 Kd5 61. f6 Ke5 62. Rf1 Ke4 63. Kc2 Kd4 64. a5 Kc4 65.
Rf4+ Kb5 66. Kxc3 Kxa5 67. Kc4 Kb6 68. Kd5 Kc7 69. Ke6 Rf8 70. Ke7 1-0

[Event "Philadelphia Open"]
[Site "Philadelphia, PA"]
[Date "2011.04.21"]
[Round "2"]
[White "Mitkov, Nikola"]
[Black "Fikiet, Alex"]
[Result "1-0"]
[WhiteElo "2529"]
[BlackElo "2233"]
[PlyCount "59"]
[EventDate "2011.04.??"]
[EventType "swiss"]
[EventRounds "9"]
[EventCountry "USA"]
[Source "MonRoi"]

1. e4 d6 2. Nc3 Nf6 3. Bc4 e5 4. d3 Be7 5. f4 Nbd7 6. Nf3 c6 7. a3 O-O 8. O-O
b5 9. Ba2 Qc7 10. Kh1 a5 11. Ne2 Nc5 12. Be3 Nfd7 13. Ng3 b4 14. Nf5 Bf6 15.
fxe5 dxe5 16. axb4 axb4 17. Bxf7+ Rxf7 18. Rxa8 Na6 19. Rxc8+ Qxc8 20. Nd6 Qf8
21. Nxf7 Qxf7 22. Qa1 Nab8 23. Ng5 Qe7 24. Qa2+ Kf8 25. Nxh7+ Ke8 26. Qg8+ Nf8
27. Nxf8 Qxf8 28. Qxf8+ Kxf8 29. Bc5+ Ke8 30. Bxb4 1-0

[Event "Philadelphia Open"]
[Site "Philadelphia, PA"]
[Date "2011.04.21"]
[Round "2"]
[White "Arnold, Marc"]
[Black "Milman, Lev"]
[Result "1/2-1/2"]
[WhiteElo "2435"]
[BlackElo "2462"]
[PlyCount "60"]
[EventDate "2011.04.??"]
[EventType "swiss"]
[EventRounds "9"]
[EventCountry "USA"]
[Source "MonRoi"]

1. d4 Nf6 2. c4 e6 3. Nf3 b6 4. a3 Bb7 5. Nc3 d5 6. cxd5 Nxd5 7. Bd2 Nd7 8. Qc2
c5 9. Nxd5 Bxd5 10. e4 Bb7 11. dxc5 Bxc5 12. Bc3 O-O 13. Rd1 Qc7 14. Bd3 Rfd8
15. O-O Be7 16. Qb1 a6 17. Rc1 Nc5 18. Bc2 Rac8 19. h3 b5 20. b4 Nd7 21. Bd3
Qb8 22. Bd4 h6 23. Rxc8 Rxc8 24. Rc1 Bf6 25. Be3 Qa8 26. Nd2 Bd8 27. Rxc8 Qxc8
28. Nb3 Ne5 29. Nc5 Nxd3 30. Qxd3 Be7 1/2-1/2

[Event "Philadelphia Open"]
[Site "Philadelphia, PA"]
[Date "2011.04.21"]
[Round "2"]
[White "Yang, Darwin"]
[Black "Kekelidze, Mikheil"]
[Result "0-1"]
[WhiteElo "2416"]
[BlackElo "2536"]
[PlyCount "94"]
[EventDate "2011.04.??"]
[EventType "swiss"]
[EventRounds "9"]
[EventCountry "USA"]
[Source "MonRoi"]

1. d4 d6 2. Nf3 g6 3. c4 Bg7 4. Nc3 Nf6 5. e4 O-O 6. Be2 Na6 7. O-O e5 8. Be3
Ng4 9. Bg5 f6 10. Bh4 h5 11. Bg3 Nh6 12. h3 Nf7 13. Qc2 Nb4 14. Qb3 Nc6 15.
Rad1 exd4 16. Nb5 Re8 17. Nbxd4 Rxe4 18. Nxc6 bxc6 19. Bd3 f5 20. Bxe4 fxe4 21.
Nd2 Bf5 22. Rfe1 Rb8 23. Qa4 h4 24. Bh2 Rxb2 25. Nxe4 Qa8 26. Bf4 Qb7 27. Qa3
Qb6 28. c5 Qb4 29. Qf3 Ne5 30. Bxe5 Bxe5 31. cxd6 cxd6 32. Nxd6 Bxd6 33. Qxc6
Qf4 34. Re8+ Kf7 35. Qd5+ Kxe8 36. Qg8+ Bf8 37. Re1+ Kd7 38. Qf7+ Kc6 39. Qf6+
Bd6 40. Qc3+ Kd5 41. Rd1+ Ke6 42. Qxb2 Qh2+ 43. Kf1 Qh1+ 44. Ke2 Qxg2 45. Qb3+
Ke7 46. Qc3 Qe4+ 47. Kf1 Be5 0-1

[Event "Philadelphia Open"]
[Site "Philadelphia, PA"]
[Date "2011.04.21"]
[Round "2"]
[White "Gu, Christopher"]
[Black "Ludwig, Daniel"]
[Result "0-1"]
[WhiteElo "2180"]
[BlackElo "2450"]
[PlyCount "74"]
[EventDate "2011.04.??"]
[EventType "swiss"]
[EventRounds "9"]
[EventCountry "USA"]
[Source "MonRoi"]

1. e4 c5 2. c3 d5 3. exd5 Qxd5 4. d4 Nf6 5. Nf3 e6 6. Na3 a6 7. Nc4 Nbd7 8. Be2
cxd4 9. Qxd4 Bc5 10. Qxd5 Nxd5 11. O-O f6 12. Rd1 Kf7 13. a4 b6 14. Nfd2 Bb7
15. Ne4 Bc6 16. Nxc5 Nxc5 17. a5 b5 18. Nd2 Rhd8 19. g3 Rd7 20. Rf1 Rad8 21.
Bd1 Nc7 22. Nb3 Nd3 23. Be2 Bd5 24. Nd4 Nxc1 25. Raxc1 e5 26. Nc2 Be4 27. Rfd1
Rd2 28. Kf1 Bxc2 29. Rxd2 Rxd2 30. Ke1 Rxe2+ 31. Kxe2 Bb3 32. h4 Ne8 33. Ra1
Nd6 34. Ra3 Bc4+ 35. Ke3 Bd5 36. b3 Ke6 37. Kd3 g5 0-1

[Event "Philadelphia Open"]
[Site "Philadelphia, PA"]
[Date "2011.04.21"]
[Round "2"]
[White "Adu, Oladapo"]
[Black "Ng, Andrew"]
[Result "1-0"]
[WhiteElo "2200"]
[BlackElo "2139"]
[PlyCount "73"]
[EventDate "2011.04.??"]
[EventType "swiss"]
[EventRounds "9"]
[EventCountry "USA"]
[Source "MonRoi"]

1. Nf3 Nf6 2. d4 e6 3. Bg5 d5 4. e3 Be7 5. Bd3 Nbd7 6. O-O b6 7. c4 Bb7 8. Nc3
h6 9. Bf4 a6 10. a4 O-O 11. Qe2 Re8 12. Rfd1 Bd6 13. Bxd6 cxd6 14. cxd5 exd5
15. Rdc1 Nf8 16. Na2 Ng6 17. Qf1 Ne4 18. Rc2 Ng5 19. Rac1 Nxf3+ 20. gxf3 Nh4
21. Qh3 g5 22. Kh1 Bc8 23. Qg3 Bf5 24. Bxf5 Nxf5 25. Qg4 Qf6 26. Nb4 Qe6 27.
Rc6 a5 28. Nd3 Rab8 29. Nf4 Nxe3 30. Qg1 Qf6 31. fxe3 Kh8 32. Nxd5 Qf5 33. Rxd6
Re6 34. Qg3 Rxd6 35. Qxd6 Qxf3+ 36. Kg1 Qg4+ 37. Qg3 1-0

[Event "Philadelphia Open"]
[Site "Philadelphia, PA"]
[Date "2011.04.21"]
[Round "2"]
[White "Perelshteyn, Eugene"]
[Black "Kiewra, Keaton"]
[Result "1-0"]
[WhiteElo "2533"]
[BlackElo "2380"]
[PlyCount "73"]
[EventDate "2011.04.??"]
[EventType "swiss"]
[EventRounds "9"]
[EventCountry "USA"]
[Source "MonRoi"]

1. d4 Nf6 2. c4 g6 3. Nc3 Bg7 4. e4 d6 5. Nf3 O-O 6. Be2 Bg4 7. Be3 Nfd7 8. Ng1
Bxe2 9. Ngxe2 c5 10. d5 a6 11. O-O b5 12. Qc2 bxc4 13. f4 Nf6 14. h3 Nbd7 15.
Rad1 Rb8 16. Bc1 Ne8 17. Kh1 Qa5 18. Ng3 Nc7 19. a4 Rb3 20. e5 Nb6 21. Nge4
Nxa4 22. exd6 exd6 23. f5 Nxc3 24. bxc3 Rxc3 25. Qd2 Bd4 26. f6 Rxh3+ 27. gxh3
Qxd2 28. Rxd2 Nxd5 29. Nxd6 c3 30. Ra2 Nxf6 31. Rxa6 Rb8 32. Kg2 Nd5 33. Nxf7
Rb2+ 34. Kg3 Ne3 35. Nh6+ Kg7 36. Bxe3 Bxe3 37. Ng4 1-0

[Event "Philadelphia Open"]
[Site "Philadelphia, PA"]
[Date "2011.04.21"]
[Round "2"]
[White "Figler, Ilya"]
[Black "Gelashvili, Tamaz"]
[Result "0-1"]
[WhiteElo "2299"]
[BlackElo "2596"]
[PlyCount "108"]
[EventDate "2011.04.??"]
[EventType "swiss"]
[EventRounds "9"]
[EventCountry "USA"]
[Source "MonRoi"]

1. d4 Nf6 2. Nf3 e6 3. c4 Nc6 4. a3 d5 5. Nc3 g6 6. Bg5 Bg7 7. e3 O-O 8. Qc2 a6
9. h3 Ne7 10. Rd1 h6 11. Bf4 Bd7 12. Ne5 Be8 13. Be2 dxc4 14. Nxc4 Ned5 15. Be5
Bb5 16. e4 Nxc3 17. bxc3 Qd7 18. Rb1 b6 19. Nd2 Bxe2 20. Kxe2 Qe7 21. Rhd1 Nh5
22. Bh2 e5 23. Nf3 exd4 24. cxd4 Nf6 25. Nd2 Rad8 26. Qxc7 Rd7 27. Qxb6 Nd5 28.
Qa5 Bxd4 29. Rb3 Qg5 30. Nc4 Qxg2 31. Rxd4 Nf4+ 32. Bxf4 Rxd4 33. Nd2 Rxe4+ 34.
Be3 Re6 35. Rb6 Qxh3 36. Qxa6 Qg4+ 37. Ke1 Rxb6 38. Qxb6 Rc8 39. Qb2 Kh7 40. f3
Qg2 41. Kd1 Qh1+ 42. Ke2 Qh2+ 43. Kd1 Qd6 44. Qb4 Qd5 45. Ke2 g5 46. Qe7 Kg6
47. Ne4 Rc6 48. Nc5 Rb6 49. Ne4 Ra6 50. Kf2 f5 51. Nc5 Rxa3 52. Nd7 Ra2+ 53.
Ke1 Qa5+ 54. Kf1 Qb5+ 0-1

[Event "Philadelphia Open"]
[Site "Philadelphia, PA"]
[Date "2011.04.21"]
[Round "2"]
[White "Bonin, Jay"]
[Black "Matamoros Franco, Carlos S"]
[Result "1-0"]
[WhiteElo "2296"]
[BlackElo "2549"]
[PlyCount "81"]
[EventDate "2011.04.??"]
[EventType "swiss"]
[EventRounds "9"]
[EventCountry "USA"]
[Source "MonRoi"]

1. d4 Nf6 2. Nf3 g6 3. c4 Bg7 4. Nc3 O-O 5. e4 d6 6. Be2 e5 7. dxe5 dxe5 8.
Qxd8 Rxd8 9. Bg5 Re8 10. Nd5 Nxd5 11. cxd5 c6 12. Bc4 cxd5 13. Bxd5 Nd7 14. Nd2
Nc5 15. O-O Be6 16. Rfc1 Rac8 17. Be3 Bf8 18. Nb3 Bxd5 19. Nxc5 Bc6 20. f3 b6
21. Nd3 f5 22. exf5 gxf5 23. f4 exf4 24. Bxf4 Bg7 25. Re1 Be4 26. Rad1 Rc2 27.
Nf2 Rxb2 28. Rd7 Rxa2 29. g4 Rc8 30. Nxe4 fxe4 31. Rxe4 Bf8 32. Re5 h6 33. Re6
Rc5 34. Rg6+ Kh8 35. Rf7 Rb5 36. Rxf8+ Kh7 37. Rc6 Rb1+ 38. Bc1 Raa1 39. Rf7+
Kg8 40. Rfc7 a5 41. Kg2 1-0

[Event "Philadelphia Open"]
[Site "Philadelphia, PA"]
[Date "2011.04.21"]
[Round "2"]
[White "Amanov, Mesgen"]
[Black "Barnett, Alex"]
[Result "1-0"]
[WhiteElo "2537"]
[BlackElo "2280"]
[PlyCount "95"]
[EventDate "2011.04.??"]
[EventType "swiss"]
[EventRounds "9"]
[EventCountry "USA"]
[Source "MonRoi"]

1. d4 Nf6 2. c4 e6 3. Nf3 Bb4+ 4. Nbd2 O-O 5. a3 Bxd2+ 6. Qxd2 Ne4 7. Qc2 f5 8.
e3 b6 9. Be2 Bb7 10. O-O d6 11. b4 Nd7 12. Bb2 Ng5 13. d5 exd5 14. Nxg5 Qxg5
15. Bf3 c6 16. cxd5 c5 17. Rfd1 Qe7 18. g3 Rae8 19. Rac1 Bc8 20. Qa4 Nf6 21.
Ba1 Ne4 22. Qb3 Qf7 23. Qb2 Re7 24. Qe2 Qg6 25. Bg2 Qh6 26. bxc5 Nxc5 27. Qc2
Bd7 28. Rd4 Rc8 29. Rh4 Qg5 30. Qe2 Be8 31. Rf4 Rec7 32. h4 Qg6 33. Qf3 Bd7 34.
Bh3 Nd3 35. Rxc7 Rxc7 36. Bxf5 Bxf5 37. Rxf5 h6 38. Qe4 Rc1+ 39. Kh2 Rh1+ 40.
Kg2 Rxa1 41. Rf8+ Kh7 42. Rh8+ Kxh8 43. Qxg6 Rxa3 44. Qxd6 Nc5 45. e4 Kg8 46.
e5 Ra2 47. Qd8+ Kh7 48. e6 1-0

[Event "Philadelphia Open"]
[Site "Philadelphia, PA"]
[Date "2011.04.21"]
[Round "2"]
[White "Friedman, Josef"]
[Black "Holt, Conrad"]
[Result "0-1"]
[WhiteElo "2178"]
[BlackElo "2408"]
[PlyCount "116"]
[EventDate "2011.04.??"]
[EventType "swiss"]
[EventRounds "9"]
[EventCountry "USA"]
[Source "MonRoi"]

1. Nf3 d5 2. d4 Nf6 3. c4 c6 4. Nc3 dxc4 5. a4 Bf5 6. e3 e6 7. Bxc4 Bb4 8. O-O
O-O 9. Ne2 c5 10. Ne5 Nbd7 11. Nd3 Bxd3 12. Bxd3 Rc8 13. Bd2 Qa5 14. Be1 Rfd8
15. Qb1 g6 16. Bxb4 Qxb4 17. Rd1 e5 18. Bb5 exd4 19. exd4 c4 20. Bxd7 Rxd7 21.
Qc2 Qd6 22. Nc3 Re8 23. g3 Qe6 24. Rd2 Qh3 25. f3 Rde7 26. Rf1 Re3 27. Nd1 Rxf3
28. Qxc4 Qh5 29. Rxf3 Qxf3 30. Qf1 Qc6 31. Nc3 a6 32. h3 Qd6 33. Kg2 Re3 34.
Qf2 Re8 35. Qf3 b6 36. Rf2 Kg7 37. Qf4 Qe6 38. Qf3 Qd6 39. Qf4 Qe6 40. Qf3 Rd8
41. Rd2 Qc4 42. Qd3 Qb4 43. d5 h5 44. Qd4 Qxd4 45. Rxd4 Kf8 46. Kf3 Ke7 47. g4
hxg4+ 48. hxg4 Rh8 49. g5 Nd7 50. Rd2 Rh4 51. a5 bxa5 52. Re2+ Kd6 53. Ne4+
Kxd5 54. Rd2+ Ke6 55. Ke3 Ke5 56. Nf2 Nb6 57. Nd3+ Ke6 58. Nf4+ Kf5 0-1

[Event "Philadelphia Open"]
[Site "Philadelphia, PA"]
[Date "2011.04.21"]
[Round "2"]
[White "Mulyar, Michael"]
[Black "Leutwyler, Martin"]
[Result "1/2-1/2"]
[WhiteElo "2396"]
[BlackElo "2164"]
[PlyCount "99"]
[EventDate "2011.04.??"]
[EventType "swiss"]
[EventRounds "9"]
[EventCountry "USA"]
[Source "MonRoi"]

1. d4 f5 2. Nf3 Nf6 3. g3 g6 4. Bg2 Bg7 5. O-O O-O 6. c4 d6 7. Nc3 c6 8. Rb1
Kh8 9. d5 e5 10. dxe6 Bxe6 11. b3 Na6 12. Bb2 Nc5 13. Qc2 Qe7 14. Rbd1 Rad8 15.
e3 Rd7 16. Ne2 Rfd8 17. Nf4 Bg8 18. Bd4 a6 19. Ng5 Nfe4 20. Nxe4 Nxe4 21. Bxg7+
Kxg7 22. Rd4 Nf6 23. Rfd1 d5 24. cxd5 Nxd5 25. Bxd5 Bxd5 26. Qc3 Kf7 27. Nxd5
Rxd5 28. Rxd5 Rxd5 29. Rxd5 cxd5 30. Kf1 Ke6 31. h4 Kd7 32. Ke2 Ke6 33. Qd4 Qd7
34. a4 Qc7 35. Kd2 b5 36. Qc3 Qd7 37. Qa5 Qc6 38. axb5 axb5 39. Qa7 b4 40. Qxh7
Qc3+ 41. Ke2 Qc2+ 42. Kf1 Kf6 43. Qh8+ Kf7 44. h5 Qd1+ 45. Kg2 gxh5 46. Qh7+
Kf6 47. Qh6+ Kf7 48. Qh7+ Kf6 49. Qh8+ Kf7 50. Qh7+ 1/2-1/2

[Event "Philadelphia Open"]
[Site "Philadelphia, PA"]
[Date "2011.04.21"]
[Round "2"]
[White "Stopa, Jacek"]
[Black "Sandager, Stephen"]
[Result "1-0"]
[WhiteElo "2453"]
[BlackElo "2164"]
[PlyCount "29"]
[EventDate "2011.04.??"]
[EventType "swiss"]
[EventRounds "9"]
[EventCountry "USA"]
[Source "MonRoi"]

1. e4 e5 2. Nf3 Nc6 3. Bc4 Bc5 4. b4 Bxb4 5. c3 Ba5 6. d4 exd4 7. Qb3 Bb6 8.
Bxf7+ Kf8 9. Bxg8 Rxg8 10. Ng5 d5 11. O-O g6 12. c4 Kg7 13. cxd5 Ne5 14. Qg3
Qf6 15. Ne6+ 1-0